| 000 | 01078nam a22002777a 4500 | ||
|---|---|---|---|
| 005 | 20251108174925.0 | ||
| 008 | 250721s2011 xx 000 0 ara d | ||
| 082 | 1 | 4 | _aم/346.56204/حنا |
| 100 | 1 |
_aحنا، بدوي _eمؤلف |
|
| 245 | 1 | 0 | _aموسوعة القضايا العقارية : الإستملاك ، الملكية العقارية ، حق المرور ، السجل العقاري ، الشفعة ، القسمة العقارية ، إشارة الدعوى ،الإلحاق ، التحديد و التحرير / |
| 250 | _aط.2. | ||
| 264 | 1 |
_aصيدا : _bمكتبة زين الحقوقية و الأدبية، _c2011. |
|
| 300 | _a9 ج. | ||
| 650 | 1 | 7 | _aالممتلكات |
| 650 | 1 | 7 | _aالممتلكات العقارية |
| 650 | 1 | 7 | _aملكية الأراضي |
| 650 | 1 | 7 | _aحقوق الملكية |
| 650 | 1 | 7 | _aحق الإنتفاع |
| 650 | 1 | 7 | _aإجراءات الإستئناف |
| 650 | 1 | 7 | _aحق الشفعة |
| 650 | 1 | 7 | _aلبنان |
| 650 | 1 | 7 | _aالبيوع |
| 650 | 1 | 7 | _aالإبطال |
| 942 |
_2ddc _cREF |
||
| 999 |
_c121636 _d121636 |
||